Estudio de pre-factibilidad para la instalación de una empresa de producción y comercialización de ambientador natural para uso domestico en el municipio de Masatepe, departamento de Masaya para el periodo operativo 2020-2024
El presente el estudio de pre-factibilidad para la instalación de una pequeña empresa productora y comercializadora de ambientador natural para uso doméstico en el municipio de Masatepe, para el periodo operativo 20202024.
| Main Authors: | , |
|---|---|
| Other Authors: | |
| Format: | Tesis Section = Libro |
| Language: | Undetermined Spanish |
| Published: |
Managua
UNI
2020
|
| Subjects: |
| LEADER | 01257nam a2200277Ia 4500 | ||
|---|---|---|---|
| 008 | 240830s9999 xx 000 0 und d | ||
| 040 | |a BIBLIOTECA-RUPAP Mon 658.11 G939 | ||
| 041 | |a spa | ||
| 082 | |a Mon 658.11 G939 | ||
| 100 | 1 | |a Guevara Larios, Daniel Antonio | |
| 100 | 1 | |b Paredes Cruz, Rubén Emmanuel | |
| 245 | 1 | 0 | |a Estudio de pre-factibilidad para la instalación de una empresa de producción y comercialización de ambientador natural para uso domestico en el municipio de Masatepe, departamento de Masaya para el periodo operativo 2020-2024 |
| 260 | |a Managua |b UNI |c 2020 | ||
| 300 | |a 125 p. :I. | ||
| 500 | |a Contiene: anexos y CD. | ||
| 502 | |a Tesis (Ingeniero Industrial)- UNI, 2020. | ||
| 520 | 3 | |a El presente el estudio de pre-factibilidad para la instalación de una pequeña empresa productora y comercializadora de ambientador natural para uso doméstico en el municipio de Masatepe, para el periodo operativo 20202024. | |
| 650 | 7 | |a EMPRESAS-PROYECTOS | |
| 650 | 7 | |b AMBIENTADOR NATURAL-ASPECTOS ECONOMICOS | |
| 650 | 7 | |c ESTUDIOS DE FACTIBILIDAD. | |
| 650 | 7 | |d ESTUDIO DE MERCADO | |
| 650 | 7 | |e ESTUDIO FINANCIERO | |
| 700 | 1 | |a Tutor: |b Chavarría González, Denis Roger | |
| 942 | |c BK |2 ddc | ||
| 991 | |a TESIS | ||
| 999 | |c 16924 | ||